Sebeřízení praktický atlas managementu cílů, času a stresu
Guardado en:
| Autor principal: | |
|---|---|
| Formato: | Libro |
| Lenguaje: | checo |
| Publicado: |
Praha
Grada Publishing
2004
|
| Colección: | Manažer
|
| Materias: | |
| Etiquetas: |
Sin Etiquetas, Sea el primero en etiquetar este registro!
|
MARC
| LEADER | 00000nam$a2200000$$$4500 | ||
|---|---|---|---|
| 001 | 0019708 | ||
| 005 | 20240306141642.2 | ||
| 020 | |a 80-247-0671-7 | ||
| 041 | 0 | |a cze | |
| 044 | |a CZ | ||
| 245 | 1 | 0 | |a Sebeřízení |b praktický atlas managementu cílů, času a stresu |c Jiří Plamínek |
| 264 | 1 | |a Praha |b Grada Publishing |c 2004 | |
| 300 | |a 182 s. | ||
| 490 | 1 | |a Manažer | |
| 830 | 0 | |a Manažer | |
| 610 | 2 | 0 | |a sebapoznanie |
| 610 | 2 | 0 | |a sebarealizácia |
| 610 | 2 | 0 | |a sebakontrola |
| 610 | 2 | 0 | |a úspech pracovný |
| 610 | 2 | 0 | |a osobnosť |
| 610 | 2 | 0 | |a motivácia |
| 610 | 2 | 0 | |a správanie |
| 610 | 2 | 0 | |a správanie sociálne |
| 610 | 2 | 0 | |a schopnosti pracovné |
| 610 | 2 | 0 | |a postoje |
| 610 | 2 | 0 | |a manažéri |
| 100 | 1 | |a Plamínek, Jiří | |